LDR 01122nam a2200217 i 4500 001 000000022041 003 CaOOAMICUS 005 20260428142755.0 008 180830s196u it u000 u lat u 040 $aSeMil$bita 100 1 $aSeybold, Fred.$0(OLS)http://semarc/name/9853 245 10$aSeverus Ben el Moqaffá :$bhistoria patriarcharum alexandrinorum /$cedidit Fred Seybold. 260 $aLouvain :$bCorpusSCO,$c[196?] 300 $av. ;$c25 cm. 500 $aRéimpression anastatique. 774 0 $tTextus series tertia, tomus 9.$kCorpus Scriptorum Christianorum Orientalium$kCorpus Scriptorum Christianorum Orientalium. Scriptores Arabici$g1$w()181760 774 0 $t1., 2.$kCorpus Scriptorum Christianorum Orientalium$kCorpus Scriptorum Christianorum Orientalium. Scriptores Arabici$g[1$w()181767 830 0$aCorpus Scriptorum Christianorum Orientalium. Scriptores Arabici.$0(OLS)http://semarc/title/29265 996 $6245$aSeverus Ben el Moqaffá :$bhistoria patriarcharum alexandrinorum$9(OLS)http://semarc/title/29287 996 $6260$aLouvain :$bCorpusSCO$9(OLS)http://semarc/publisher/31949